000
00470nam a2200145Ia 4500
008
100122s9999 xx 000 0 und d
082
_b
30709
_a
823
100
_a
हसमनीस द का
245
_a
राणीन डाव जिंकला
260
_b
स्मिता प्रकाशन
_c
1905
300
_a
178
630
_a
राणीन डाव जिंकला
730
_a
राणीन डाव जिंकला
942
_c
BOOK
999
_c
415523
_d
415520